Үндэсний бөх 50 жилд (Бичлэгийн дугаар. 78083)

MARC дэлгэрэнгүй
000 -Удирдлага
Ном зүйн бүртгэл тоо буюу кодлох утгыг агуулсан 00942nam a22002177a 4500
003 - ХЯНАЛТЫН ТОО ТОДОРХОЙЛОГЧ
Код MN-UlNLM
005 - ХАМГИЙН СҮҮЛИЙН ҮЕИЙН ХЭЛЦЛИЙН ОГНОО БА ЦАГ
Тухайн бичилтийг бичсэн засварласан сүүлийн огноо. 20230215164920.0
008 - ЕРӨНХИЙ МЭДЭЭЛЭЛ-ЭЛЕМЕНТҮҮДИЙН ӨГӨГДЛИЙН УРТ
fixed length control field 170612s1971 mp ||||| |||| 00| 0 mon d
040 ## - ЭХ СУРВАЛЖИЙГ ТОДОРХОЙЛОН БИЧИХ
Анхны каталогийн байгууллага Монгол Улсын Үндэсний номын сан
041 ## - ХЭЛНИЙ КОД
Текстийн хэлний код/фонограм буюу салангид гарчиг Монгол
084 ## - БУСАД АНГИЛЛЫН ДУГААР
Ангиллын нэр Аравтын ангилал
Анги 796.8
Зохиогчийн 3-н тэмдэгт Ү 825
Шинжлэх ухааны мэдлэгийн салбар Соёл, шинжлэх ухаан, боловсрол - 7
245 0# - ҮНДСЭН ГАРЧИГ
Гарчиг Үндэсний бөх 50 жилд
Оролцогчдын тухай мэдээ Эмхт. Ц.Бат-Очир
-- Зур. Ж.Даваасүрэн
260 1# - ГАРАЛТЫН ТУХАЙ МЭДЭЭ
Хэвлэгдсэн газар УБ
Хэвлэлийн газар УХГ
Хэвлэгдсэн он 1971
300 ## - ТООНЫ МЭДЭЭ
Хуудасны тоо
500 ## - НОМЫН ТОВЧ АГУУЛГА
Дэлгэрэнүй тайлбар Улсын баяр наадам үзүүр түрүүнд үлдсэн бөхчүүдээс гадна сүүлийн 10 жилд (1961-1970) шөвгөрсөн улсын алдар цолтой бөхчүүдийн жагсаалтыг зурагтай нь хамт танилцуулсан.
546 ## - ХЭЛНИЙ ТУХАЙ МЭДЭЭ
Хэл
653 ## - ТҮЛХҮҮР ҮГС
Түлхүүр үг Соёл, шинжлэх ухаан, боловсрол
-- Бөх
856 ## - ЭЛЕКТРОН БАЙРЛАЛ БА ХОЛБООС
Төрөл Хэвлэмэл ном
942 ## - ЭЛЕМЕНТИЙН ТӨРӨЛ
Төрөл Ном
Захиалгууд
Буцаан татагдсан төлөв Хасагдсан шалтгаан Гэмтсэн төлөв Данс заагч Захиалах боломжгүй Үндсэн номын сан Одоогийн байршил Салбар танхим Сан хөмрөг 5 Бүртгэсэн огноо Тавиурын заалт Баркод Үнэ Хамгийн сүүлд байсан огноо Нийт уншлаганд гарсан тоо Төрөл Хамгийн сүүлд уншлаганд гарсан огноо Бүрдүүлэлтийн эх үүсвэр
          МУҮНомын сан салбар МУҮНомын сан салбар МУҮНС салбар | Эрдэм танхим 7 давхар МУҮНС салбар | Эрдэм танхим 7 давхар 2021-09-13 129928 00129928 1.00 2021-09-13   Ном    
          МУҮНомын сан салбар МУҮНомын сан салбар МУҮНС салбар | Эрдэм танхим 7 давхар МУҮНС салбар | Эрдэм танхим 7 давхар 2021-09-13 129929 00129929 1.00 2023-02-18 4 Ном 2023-02-18  
          МУҮНомын сан салбар МУҮНомын сан салбар МУҮНС салбар | Эрдэм танхим 7 давхар МУҮНС салбар | Эрдэм танхим 7 давхар 2021-09-13 129935 00129935 1.00 2021-09-13   Ном    
        Албан хэрэгцээнд МУҮндэсний Номын сан МУҮндэсний Номын сан МУҮНС төв | Архив фонд төв байр МУҮНС төв | Архив фонд төв байр 2020-09-08 5977 003110005977 1.00 2020-09-08   Ном   Бэлэг, хандив